LEADER 01008cam0-2200361---450- 001 990005665600403321 005 20080909112646.0 035 $a000566560 035 $aFED01000566560 035 $a(Aleph)000566560FED01 035 $a000566560 100 $a19990604d1929----km-y0itay50------ba 101 0 $aita 102 $aIT 105 $ay-------001yy 200 1 $aTradizioni morali e disciplina storica$fAdolfo Omodeo 210 $aBari$cLaterza$d1929 215 $a268 p.$d21 cm 225 1 $aBiblioteca di cultura moderna$v163 610 0 $aStoriografia 610 0 $aEtica 676 $a907.2 676 $a901$v21$zita 676 $a170$v21$zita 700 1$aOmodeo,$bAdolfo$f<1889-1946>$0137233 801 0$aIT$bUNINA$gRICA$2UNIMARC 901 $aBK 912 $a990005665600403321 952 $aP.1 FRM 877$bIST. ST. FIL. 299$fFLFBC 952 $aP.1 FRM 877 BIS$bBibl. 15931$fFLFBC 959 $aFLFBC 996 $aTradizioni morali e disciplina storica$9600191 997 $aUNINA LEADER 05230 am 22007813u 450 001 9910293143703321 005 20230125211840.0 010 $a3-319-78503-6 024 7 $a10.1007/978-3-319-78503-5 035 $a(CKB)4100000004243864 035 $a(DE-He213)978-3-319-78503-5 035 $a(MiAaPQ)EBC5394754 035 $a(Au-PeEL)EBL5394754 035 $a(OCoLC)1078960705 035 $a(oapen)https://directory.doabooks.org/handle/20.500.12854/57605 035 $a(PPN)227406605 035 $a(EXLCZ)994100000004243864 100 $a20180514d2018 u| 0 101 0 $aeng 135 $aurnn#008mamaa 181 $ctxt$2rdacontent 182 $cc$2rdamedia 183 $acr$2rdacarrier 200 10$aClinical Text Mining$b[electronic resource] $eSecondary Use of Electronic Patient Records /$fby Hercules Dalianis 205 $a1st ed. 2018. 210 $cSpringer Nature$d2018 210 1$aCham :$cSpringer International Publishing :$cImprint: Springer,$d2018. 215 $a1 online resource (XVII, 181 p. 54 illus., 28 illus. in color.) 311 $a3-319-78502-8 327 $aIntroduction -- The history of the patient record and the paper record -- User needs: clinicians, clinical researchers and hospital management -- Characteristics of patient records and clinical corpora -- Medical classifications and terminologies -- Evaluation metrics and evaluation -- Basic building blocks for clinical text processing -- Computational methods for text analysis and text classification -- Ethics and privacy of patient records for clinical text mining research -- Applications of clinical text mining -- Networks and shared tasks in clinical text mining -- Conclusions and outlook -- References -- Index. 330 $aThis open access book describes the results of natural language processing and machine learning methods applied to clinical text from electronic patient records. It is divided into twelve chapters. Chapters 1-4 discuss the history and background of the original paper-based patient records, their purpose, and how they are written and structured. These initial chapters do not require any technical or medical background knowledge. The remaining eight chapters are more technical in nature and describe various medical classifications and terminologies such as ICD diagnosis codes, SNOMED CT, MeSH, UMLS, and ATC. Chapters 5-10 cover basic tools for natural language processing and information retrieval, and how to apply them to clinical text. The difference between rule-based and machine learning-based methods, as well as between supervised and unsupervised machine learning methods, are also explained. Next, ethical concerns regarding the use of sensitive patient records for research purposes are discussed, including methods for de-identifying electronic patient records and safely storing patient records. The book?s closing chapters present a number of applications in clinical text mining and summarise the lessons learned from the previous chapters. The book provides a comprehensive overview of technical issues arising in clinical text mining, and offers a valuable guide for advanced students in health informatics, computational linguistics, and information retrieval, and for researchers entering these fields. 606 $aInformation storage and retrieval 606 $aHealth informatics 606 $aNatural language processing (Computer science) 606 $aData mining 606 $aInformation Storage and Retrieval$3https://scigraph.springernature.com/ontologies/product-market-codes/I18032 606 $aHealth Informatics$3https://scigraph.springernature.com/ontologies/product-market-codes/H28009 606 $aNatural Language Processing (NLP)$3https://scigraph.springernature.com/ontologies/product-market-codes/I21040 606 $aHealth Informatics$3https://scigraph.springernature.com/ontologies/product-market-codes/I23060 606 $aNatural Language Processing (NLP)$3https://scigraph.springernature.com/ontologies/product-market-codes/I21040 606 $aData Mining and Knowledge Discovery$3https://scigraph.springernature.com/ontologies/product-market-codes/I18030 610 $aNatural Language Processing 610 $aText Analysis 610 $aData Mining 610 $aHealth Informatics 610 $aText Mining 610 $aMedical Terminologies 610 $aHealth Care Information Systems 610 $aSupport Vector Machines 615 0$aInformation storage and retrieval. 615 0$aHealth informatics. 615 0$aNatural language processing (Computer science). 615 0$aData mining. 615 14$aInformation Storage and Retrieval. 615 24$aHealth Informatics. 615 24$aNatural Language Processing (NLP). 615 24$aHealth Informatics. 615 24$aNatural Language Processing (NLP). 615 24$aData Mining and Knowledge Discovery. 676 $a025.04 700 $aDalianis$b Hercules$4aut$4http://id.loc.gov/vocabulary/relators/aut$0994610 801 0$bMiAaPQ 801 1$bMiAaPQ 801 2$bMiAaPQ 906 $aBOOK 912 $a9910293143703321 996 $aClinical Text Mining$92277695 997 $aUNINA LEADER 04426nam 22006615 450 001 9910254762503321 005 20251030103924.0 010 $a9781137318619 010 $a1137318619 024 7 $a10.1057/978-1-137-31861-9 035 $a(CKB)4340000000223116 035 $a(DE-He213)978-1-137-31861-9 035 $a(MiAaPQ)EBC5161008 035 $a(Perlego)3486552 035 $a(EXLCZ)994340000000223116 100 $a20171124d2017 u| 0 101 0 $aeng 135 $aurnn#008mamaa 181 $ctxt$2rdacontent 182 $cc$2rdamedia 183 $acr$2rdacarrier 200 14$aThe 'Black Horror on the Rhine' $eIntersections of Race, Nation, Gender and Class in 1920s Germany /$fby Iris Wigger 205 $a1st ed. 2017. 210 1$aLondon :$cPalgrave Macmillan UK :$cImprint: Palgrave Macmillan,$d2017. 215 $a1 online resource (XV, 389 p. 27 illus.) 311 08$a9781349594856 311 08$a1349594857 311 08$a9780230343610 311 08$a0230343619 320 $aIncludes bibliographical references and index. 327 $a1. Introduction -- 1.1. An ?outrageous humiliation and rape of a highly cultivated white race by a still half barbaric coloured?. Mapping the ?Black Shame? Campaign -- 1.2 A ?propaganda campaign of enormous dimensions? The ?Black Horror? in scholarly debates -- 1.3 A treachery of the ?women?s world?, ?the People? and ?Race?; The ?Black Shame? discourse as a conglomerate of racist discrimination -- 2 Women?s bodies, alien bodies and the racial body of the German Volk; The rhetoric structure of the ?Black Shame? Stereotype -- 2.1 A ?violation of the rules of European civilisation?; The ?Black Horror? as international campaign -- 2.2 Spreading the ?völkish spark? of German solidarity; The national dividend of the ?Black Horror? -- 3. Race, Gender, Nation,Class; The social construction of the ?Black Shame? -- 3.1 'Black Shame? and ?White Woman?; Women?s bodies as medium of racist discrimination -- 3.2 The ?Black Shame? as the decline of the occident. The fiction of a threatened white race -- 3.3 France?s attack on the cultured Nations; The continuation of War with racist means -- 3.4 For the sake of the Fatherland The reconciliation of class society in the community of the people -- 4. Conclusions. . 330 $aThis book explores the 'Black Horror' campaign as an important chapter in the popularisation of racialised discourse in European history. Originating in early 1920s Germany, this international racist campaign was promoted through modern media, targeting French occupation troops from colonial Africa on German soil and using stereotypical images of 'racially primitive', sexually depraved black soldiers threatening and raping 'white women' in 1920s Germany to generate widespread public concern about their presence. The campaign became an international phenomenon in Post-WWI Europe, and had followers throughout Europe, the US and Australia. Wigger examines the campaign's combination of race, gender, nation and class as categories of social inclusion and exclusion, which led to the formation of a racist conglomerate of interlinked discriminations. Her book offers readers a rare insight into a widely forgotten chapter of popular racism in Europe, and sets out the benefits of a historically reflexive study of racialised discourse and its intersectionality. 606 $aCivilization$xHistory 606 $aEurope, Central$xHistory 606 $aCulture$xStudy and teaching 606 $aSociology 606 $aSocial history 606 $aCultural History 606 $aHistory of Germany and Central Europe 606 $aCultural Studies 606 $aSociological Theory 606 $aSocial History 615 0$aCivilization$xHistory. 615 0$aEurope, Central$xHistory. 615 0$aCulture$xStudy and teaching. 615 0$aSociology. 615 0$aSocial history. 615 14$aCultural History. 615 24$aHistory of Germany and Central Europe. 615 24$aCultural Studies. 615 24$aSociological Theory. 615 24$aSocial History. 676 $a306.09 700 $aWigger$b Iris$4aut$4http://id.loc.gov/vocabulary/relators/aut$0994039 906 $aBOOK 912 $a9910254762503321 996 $aThe 'Black Horror on the Rhine$92276597 997 $aUNINA